000 01118nam a2200289 a 4500
001 BRL_789
005 20190320210910.0
008 071013s1974----mx-#######---#000-0#spa-#
041 _aspa
_heng
044 _amx
050 4 _aLB2331
_b.M33 1974
100 1 _aMacKenzie, Norman
_924953
245 1 0 _aLa enseñanza y el aprendizaje
_bintroducción a nuevos métodos y recursos en la educación superior
_cNorman McKenzie, Michael Eraut y Hywel C. Jones ; traducción de Jorge Ferreiro Santana.
260 _aMéxico
_bSecretaría de Educación Pública
_c1974
300 _a2v.
_c17 cm.
440 0 _aSepsetentas
_v137-138
_922717
500 _av.1 Au923, v.2 Au919
500 _aEstado físico: Desprendimiento de las tres primeras paginas volumen 1.
500 _aTraducción de: Teaching and learning
505 0 _aContenido: v.1 Nuevas perspectivas - v.2 Metodología y la administración de recursos.
650 1 4 _aEducación superior
_924954
700 1 _aEraut, Michael
_924955
700 1 _aJones, Hywel C.
_924956
700 1 _aFerreiro Santana, Jorge
_etr.
_924957
902 _aGRL
942 _2lcc
_cB
999 _c9601
_d9601